000 00941nas a2200301 4500
001 BR0805526
003 BR-BrBNA
005 20231205112439.0
007 ta
008 230509b bl.|||p| |||| 00| 00por d
040 _aBR-BrBNA
_bpor
_cBiblioteca Nacional de Agricultura
041 _a(Pt)
072 _aQ02; Q04
100 1 _aFacco, E.M.P.
100 1 _aFogaça, A. de O.
100 1 _aDaudt, C.E.
100 1 _aGodoy, H.T.
245 1 _aQuantificação de 5 metiltetrahidrofolato no processamento e conservação de vinhos de uvas viníferas e híbridas
650 _aVINHO
650 _aTECNOLOGIA DE ALIMENTO
650 _aFERMENTAÇÃO
650 _aLEVEDO
650 _aCROMATOGRAFIA
650 _aANÁLISE QUANTITATIVA
773 0 _tCiência e Tecnologia de Alimentos (Brazil)
_xISSN 0101-2061
_g(Oct-Dec 2007), v. 27(4) p. 874-877
_wBR0805526
909 _a202311
_bLúcia
_c55
_dLúcia Elande
942 _2AGRIS
_n0
_cANA
999 _c198118
_d198118